[Event "Warsaw YMCA Winter-A 224th"]
[Site "Warsaw"]
[Date "2020.01.24"]
[Round "3"]
[White "Malicka, Maria"]
[Black "Warszawski, Bartosz"]
[Result "0-1"]
[WhiteElo "2041"]
[BlackElo "2172"]
[PlyCount "136"]
[EventDate "2020.01.10"]
[EventType "tourn"]
[EventRounds "13"]
[EventCountry "POL"]
[SourceTitle "CBM 195 Extra"]
[Source "ChessBase"]
[SourceDate "2020.05.31"]
[SourceVersion "1"]
[SourceVersionDate "2020.05.31"]
[SourceQuality "1"]

1. e4 c5 2. Nf3 e6 3. d4 cxd4 4. Nxd4 Nc6 5. Nc3 Qc7 6. Be2 a6 7. 0-0 b5 8. Nxc6 dxc6 9. Be3 Bb7 10. f4 Be7 11. e5 Nh6 12. Bf3 Nf5 13. Qe2 Nxe3 14. Qxe3 0-0 15. Ne4 c5 16. Rad1 Rad8 17. Kh1 Bd5 18. a3 c4 19. c3 Rd7 20. Rd2 Rfd8 21. Rfd1 a5 22. h3 h6 23. Qe2 Qa7 24. Rd4 b4 25. axb4 axb4 26. Qd2 Kf8 27. Ng3 Bc5 28. Rxd5 exd5 29. Nf5 g6 30. cxb4 gxf5 31. bxc5 Qxc5 32. Qc2 Qb6 33. Bh5 d4 34. Qxc4 d3 35. b4 Qd4 36. Qc6 Qxf4 37. Qf6 Qg5 38. b5 Qxf6 39. exf6 Rb7 40. Be2 Rxb5 41. Rxd3 Rxd3 42. Bxd3 Rd5 43. Bc2 f4 44. Kg1 Rd4 45. Bb3 f3 46. g4 Rd2 47. Ba4 Rg2+ 48. Kf1 Rh2 49. Bc6 Rxh3 50. Kf2 h5 51. Bxf3 hxg4 52. Bxg4 Rh6 53. Ke3 Rxf6 54. Ke4 Ke7 55. Ke5 Ra6 56. Bf5 Ra5+ 57. Kf4 Kf6 58. Bc2 Rb5 59. Bd1 Rb4+ 60. Kf3 Ke5 61. Bc2 f5 62. Bd1 Rc4 63. Kf2 Kf4 64. Bb3 Rb4 65. Be6 Rb2+ 66. Kf1 Ke3 67. Bd5 f4 68. Bc6 f3 0-1

[Event "POL-chT 2nd League"]
[Site "Jastrzebia Gora"]
[Date "2018.09.07"]
[Round "8.5"]
[White "Warszawski, Bartosz"]
[Black "Zareba, Radoslaw"]
[Result "0-1"]
[WhiteElo "2165"]
[BlackElo "2110"]
[PlyCount "132"]
[EventDate "2018.09.01"]
[EventType "team-swiss"]
[EventRounds "9"]
[EventCountry "POL"]
[SourceTitle "CBM 186 Extra"]
[Source "ChessBase"]
[SourceDate "2018.08.24"]
[SourceVersion "1"]
[SourceVersionDate "2018.08.24"]
[SourceQuality "1"]
[WhiteTeam "Warszawa YMCA"]
[BlackTeam "Ostrow Wielkopolski"]
[WhiteTeamCountry "POL"]
[BlackTeamCountry "POL"]

1. e4 d6 2. d4 g6 3. Nc3 Bg7 4. f4 Nf6 5. Nf3 0-0 6. Bd3 Na6 7. 0-0 c5 8. d5 Bg4 9. Qe1 Bxf3 10. Rxf3 Nb4 11. a3 Nxd3 12. cxd3 a6 13. f5 b5 14. Qh4 Qb6 15. Ne2 b4 16. a4 c4+ 17. Be3 Qc7 18. Rc1 c3 19. bxc3 b3 20. Rb1 Rfb8 21. Bd4 Qa5 22. Qe1 Qxa4 23. c4 Nd7 24. Qc3 Bxd4+ 25. Nxd4 Ne5 26. Rff1 Rb7 27. fxg6 hxg6 28. Rxb3 Rxb3 29. Nxb3 Rb8 30. Nd4 Qa2 31. Qe1 Nxd3 32. Qg3 Ne5 33. Nf5 Rb1 34. Nxe7+ Kf8 35. Nxg6+ Nxg6 36. Qxd6+ Kg8 37. Qd8+ Kh7 38. Qf6 Rxf1+ 39. Qxf1 Kg7 40. Qc1 Qe2 41. c5 Qxe4 42. Qd2 Qb1+ 43. Kf2 Qf5+ 44. Kg3 Kf8 45. c6 Qe5+ 46. Kf2 Ne7 47. Qb4 Qxd5 48. c7 Qf5+ 49. Kg1 a5 50. Qd6 Qe6 51. Qd8+ Kg7 52. g3 Nc8 53. Qg5+ Kf8 54. Qxa5 Ke7 55. Qg5+ f6 56. Qg7+ Kd6 57. h4 Qe1+ 58. Kg2 Qe7 59. Qxe7+ Nxe7 60. g4 Kxc7 61. g5 f5 62. h5 Kd6 63. Kf3 Ke5 64. h6 Ke6 65. h7 Ng6 66. Ke3 Kf7 0-1

[Event "POL-chT 2nd League"]
[Site "Jastrzebia Gora"]
[Date "2018.09.04"]
[Round "5.5"]
[White "Aliavdin, Nikolai"]
[Black "Warszawski, Bartosz"]
[Result "1/2-1/2"]
[WhiteElo "2323"]
[BlackElo "2165"]
[PlyCount "133"]
[EventDate "2018.09.01"]
[EventType "team-swiss"]
[EventRounds "9"]
[EventCountry "POL"]
[SourceTitle "CBM 186 Extra"]
[Source "ChessBase"]
[SourceDate "2018.08.24"]
[SourceVersion "1"]
[SourceVersionDate "2018.08.24"]
[SourceQuality "1"]
[WhiteTeam "Plock Hetman"]
[BlackTeam "Warszawa YMCA"]
[WhiteTeamCountry "POL"]
[BlackTeamCountry "POL"]

1. e4 c5 2. Nf3 e6 3. d3 Nc6 4. g3 d5 5. Nbd2 Nf6 6. Bg2 Be7 7. 0-0 b6 8. Re1 Bb7 9. Qe2 dxe4 10. dxe4 0-0 11. e5 Nd7 12. c3 Qc7 13. h4 a6 14. Nf1 b5 15. Bg5 c4 16. b3 cxb3 17. axb3 Nc5 18. b4 Na4 19. Rec1 Nb6 20. N1d2 h6 21. Bxe7 Nxe7 22. Nb3 Bd5 23. Nc5 Bc4 24. Qe1 a5 25. Nd4 Ra7 26. h5 Rd8 27. Nc2 Nbd5 28. Na3 Rda8 29. Nxc4 bxc4 30. Rab1 Rc8 31. Qe4 axb4 32. cxb4 c3 33. Bf1 Nxb4 34. Rxc3 Ned5 35. Rc4 Qe7 36. Rbc1 Rac7 37. Nd3 Na2 38. Rxc7 Rxc7 39. Ra1 Ra7 40. Qc4 Nac3 41. Qc8+ Kh7 42. Rxa7 Qxa7 43. Nc1 Qe7 44. Bd3+ g6 45. hxg6+ fxg6 46. Nb3 Nc7 47. Nd4 N3d5 48. Be4 h5 49. Bxd5 Nxd5 50. Qxe6 Qxe6 51. Nxe6 Kh6 52. f4 h4 53. Kh2 hxg3+ 54. Kxg3 Ne7 55. Kf3 Kh7 56. Ke4 Kg8 57. Kd4 Kf7 58. Ng5+ Ke8 59. e6 Nf5+ 60. Ke5 Ke7 61. Nf3 Ne3 62. Nd4 Ng4+ 63. Kd5 Nf6+ 64. Kc5 Ng4 65. Kd5 Nf6+ 66. Ke5 Ng4+ 67. Ke4 1/2-1/2

[Event "POL-chT 1st League"]
[Site "Poronin"]
[Date "2017.09.09"]
[Round "8.1"]
[White "Sabuk, Piotr"]
[Black "Warszawski, Bartosz"]
[Result "1-0"]
[WhiteElo "2376"]
[BlackElo "2202"]
[PlyCount "75"]
[EventDate "2017.09.02"]
[EventType "team-tourn"]
[EventRounds "9"]
[EventCountry "POL"]
[SourceTitle "CBM 180 Extra"]
[Source "ChessBase"]
[SourceDate "2017.10.06"]
[SourceVersion "1"]
[SourceVersionDate "2017.10.06"]
[SourceQuality "1"]
[WhiteTeam "Kopernik WKS"]
[BlackTeam "Warsaw YMCA"]
[WhiteTeamCountry "POL"]
[BlackTeamCountry "POL"]

1. e4 c5 2. Nf3 d6 3. d4 cxd4 4. Nxd4 Nf6 5. Nc3 a6 6. Be2 e6 7. 0-0 Be7 8. f4 0-0 9. Kh1 Qc7 10. a4 Nc6 11. Be3 Re8 12. Bf3 Bd7 13. Nb3 b6 14. Qe2 Bc8 15. Rad1 Bb7 16. Bf2 Nd7 17. Bg3 Rad8 18. e5 dxe5 19. fxe5 Nc5 20. Bh5 Rf8 21. Nd5 Rxd5 22. Rxd5 exd5 23. e6 Qd8 24. exf7+ Kh8 25. Bg6 hxg6 26. Nxc5 bxc5 27. Qe6 Bg5 28. Bd6 Ne7 29. Rf3 Bc8 30. Rh3+ Bh6 31. Rxh6+ gxh6 32. Qf6+ Kh7 33. Bxe7 Qa5 34. c3 Qxa4 35. h3 Re8 36. f8N+ Rxf8 37. Qxf8 Be6 38. Bf6 1-0

[Event "POL-chT 1st League"]
[Site "Poronin"]
[Date "2017.09.08"]
[Round "7.1"]
[White "Warszawski, Bartosz"]
[Black "Jaracz, Pawel"]
[Result "0-1"]
[WhiteElo "2202"]
[BlackElo "2469"]
[PlyCount "124"]
[EventDate "2017.09.02"]
[EventType "team-tourn"]
[EventRounds "9"]
[EventCountry "POL"]
[SourceTitle "CBM 180 Extra"]
[Source "ChessBase"]
[SourceDate "2017.10.06"]
[SourceVersion "1"]
[SourceVersionDate "2017.10.06"]
[SourceQuality "1"]
[WhiteTeam "Warsaw YMCA"]
[BlackTeam "Znin Baszta"]
[WhiteTeamCountry "POL"]
[BlackTeamCountry "POL"]

1. e4 c5 2. Nf3 d6 3. d4 cxd4 4. Nxd4 Nf6 5. Nc3 a6 6. Be2 e6 7. 0-0 Nbd7 8. f4 b5 9. Bf3 Bb7 10. Re1 Be7 11. e5 Bxf3 12. Qxf3 dxe5 13. Nc6 Qb6+ 14. Kh1 e4 15. Nxe4 Nxe4 16. Qxe4 Nf6 17. Qf3 Bc5 18. Be3 Rc8 19. Bxc5 Qxc5 20. Ne5 Qxc2 21. Qa3 Qc5 22. Qxa6 0-0 23. Qb7 Rc7 24. Qf3 Qd4 25. Qe2 Qxf4 26. Qxb5 Rc2 27. Re2 Qc1+ 28. Re1 Qg5 29. Qf1 Rxb2 30. a4 Rc8 31. a5 Rcc2 32. Nf3 Qc5 33. a6 Qa7 34. Rec1 h6 35. Rxc2 Rxc2 36. Nd4 Qxd4 37. a7 Rc8 38. a8Q Rxa8 39. Rxa8+ Kh7 40. Qf3 Ne4 41. h3 f5 42. Ra2 Qe5 43. g4 Ng5 44. Qd3 Ne4 45. Kg2 h5 46. Qf3 Ng5 47. Qd3 h4 48. Re2 Ne4 49. Qf3 Kg6 50. Ra2 Qb5 51. Re2 Ng5 52. gxf5+ exf5 53. Qe3 Qd5+ 54. Kg1 Qd1+ 55. Kg2 Qd5+ 56. Kg1 Ne4 57. Rb2 Ng3 58. Qe8+ Kh7 59. Rb8 Qd1+ 60. Kf2 Ne4+ 61. Ke3 Qd2+ 62. Kf3 Qf2# 0-1

[Event "Warsaw Najdorf Memorial op-A 13th"]
[Site "Warsaw"]
[Date "2015.07.14"]
[Round "5"]
[White "Winiarski, Mikolaj"]
[Black "Warszawski, Bartosz"]
[Result "1/2-1/2"]
[WhiteElo "2160"]
[BlackElo "2233"]
[PlyCount "89"]
[EventDate "2015.07.10"]
[EventType "swiss"]
[EventRounds "9"]
[EventCountry "POL"]
[SourceTitle "CBM 167 Extra"]
[Source "ChessBase"]
[SourceDate "2015.09.14"]
[SourceVersion "1"]
[SourceVersionDate "2015.09.14"]
[SourceQuality "1"]

1. d4 Nf6 2. Nf3 e6 3. e3 c5 4. c4 d5 5. cxd5 exd5 6. Be2 Nc6 7. 0-0 cxd4 8. Nxd4 Bd6 9. Nc3 0-0 10. Bf3 Be5 11. h3 Bb8 12. Nxc6 bxc6 13. Qd4 Qd6 14. Qf4 Qxf4 15. exf4 Bd6 16. Be3 Rb8 17. b3 a5 18. Rfd1 Re8 19. Na4 Rb4 20. Bd2 Rd4 21. Bxa5 Rxd1+ 22. Rxd1 Bxf4 23. Nc5 Bf5 24. Bc3 Ra8 25. Ra1 Bd6 26. Bd4 Bc2 27. Na4 Ba3 28. Bd1 Bd3 29. Nc5 Bxc5 30. Bxc5 Ne4 31. Bb4 c5 32. Be1 c4 33. f3 Nc5 34. bxc4 dxc4 35. a4 f6 36. a5 Kf7 37. Bc3 Ke6 38. Kf2 Kd5 39. Be2 Re8 40. Bf1 Ra8 41. g3 Kc6 42. Bg2 Kb5 43. f4 Be4 44. Bf1 Ra6 45. Ra2 1/2-1/2

[Event "POL-chT 2nd League"]
[Site "Szczyrk"]
[Date "2014.09.13"]
[Round "8.50"]
[White "Pazderski, Ziemowit"]
[Black "Warszawski, Bartosz"]
[Result "1-0"]
[WhiteElo "2251"]
[BlackElo "2282"]
[PlyCount "109"]
[EventDate "2014.09.06"]
[EventType "team-swiss"]
[EventRounds "9"]
[EventCountry "POL"]
[SourceTitle "EXT 2015"]
[Source "ChessBase"]
[SourceDate "2014.11.20"]
[SourceVersion "1"]
[SourceVersionDate "2014.11.20"]
[SourceQuality "1"]
[WhiteTeam "Zielonka Zieloni"]
[BlackTeam "Warszawa YMCA"]
[WhiteTeamCountry "POL"]
[BlackTeamCountry "POL"]

1. c4 f5 2. d4 Nf6 3. Nf3 g6 4. Nc3 Bg7 5. Bf4 d6 6. h3 h6 7. e3 0-0 8. Be2 Nbd7 9. Bh2 Re8 10. 0-0 Kh7 11. Qc2 e5 12. dxe5 dxe5 13. Rfd1 e4 14. Ne5 c6 15. Nf7 Qe7 16. Nd6 Rd8 17. Rd2 Nf8 18. Qb3 g5 19. Rad1 Ng6 20. Qc2 Be6 21. g4 fxg4 22. Ncxe4 gxh3 23. Bd3 Ng4 24. Ng3 N4e5 25. Be4 Bg4 26. Ngf5 Bxd1 27. Rxd1 Qe6 28. c5 Kh8 29. Nxb7 Rxd1+ 30. Qxd1 Rf8 31. Nbd6 Nh4 32. Nxg7 Kxg7 33. Qd4 Nhg6 34. Bxg6 Kxg6 35. Bxe5 Qxa2 36. Qd3+ Kh5 37. Qd1+ Kg6 38. Qd3+ Kh5 39. Qd1+ Kg6 40. Bg3 Qxb2 41. Ne4 Rf5 42. Kh2 Rd5 43. Qg4 Rf5 44. Qd1 Rd5 45. Qa4 Qb5 46. Qxb5 cxb5 47. c6 Rd8 48. Nd6 b4 49. c7 Rf8 50. c8Q Rxc8 51. Nxc8 b3 52. Be5 Kf5 53. Bb2 Kg4 54. e4 Kf4 55. e5 1-0

[Event "POL-chT 2nd League"]
[Site "Szczyrk"]
[Date "2014.09.12"]
[Round "7.44"]
[White "Warszawski, Bartosz"]
[Black "Reza, Wojciech"]
[Result "0-1"]
[WhiteElo "2282"]
[BlackElo "2178"]
[PlyCount "64"]
[EventDate "2014.09.06"]
[EventType "team-swiss"]
[EventRounds "9"]
[EventCountry "POL"]
[SourceTitle "EXT 2015"]
[Source "ChessBase"]
[SourceDate "2014.11.20"]
[SourceVersion "1"]
[SourceVersionDate "2014.11.20"]
[SourceQuality "1"]
[WhiteTeam "Warszawa YMCA"]
[BlackTeam "Debica Gryf"]
[WhiteTeamCountry "POL"]
[BlackTeamCountry "POL"]

1. e4 e5 2. Nf3 Nc6 3. Bb5 Nge7 4. 0-0 g6 5. c3 a6 6. Ba4 Bg7 7. d4 exd4 8. cxd4 b5 9. Bb3 d6 10. Nc3 0-0 11. h3 Bb7 12. Bg5 h6 13. Bh4 Na5 14. Bxe7 Qxe7 15. Nd5 Qd8 16. Bc2 c5 17. Qd3 Nc4 18. b3 Bxd5 19. exd5 Nb6 20. Rad1 Nxd5 21. dxc5 Nc3 22. cxd6 Nxd1 23. Rxd1 Qf6 24. Qd5 Rfd8 25. Be4 Ra7 26. Qc6 Bf8 27. d7 Qe7 28. Bd5 Raxd7 29. Qxg6+ Bg7 30. Qh5 Qf6 31. g3 Kh8 32. Nh2 Qg5 0-1